000 00914nam a2200217 a 4500
005 20240924070519.0
008 010720s1998 fr r 000 0 spa d
035 _aUPN01000109913
049 _aUNE
050 4 _aLC92
_bH3.3
100 1 _aHallak, Jacques,
_d1937-
_928384
245 1 0 _aEducation and globalization /
_bJacques Hallak.
260 _aParís :
_bUNESCO, International Institute for Educational Planning,
_c1998.
300 _a25 p.
440 0 _aIIEP Contributions ;
_v26
500 _a"This document was presented during the Conference on Educational Reconstruction and Transformation Challenges for the 21 st Century Centre for International Studies in Education, Graduate School, University of Bristol, United Kingdom, 5-6 january 1998"
500 _aTambién localizas un ejempar en Folletería
650 4 _aInnovaciones educativas
_9386
650 4 _aGlobalización
_95377
905 _aLibro
999 _c83823
_d83823